ბათუმის შოთა რუსთაველის სახელმწიფო უნივერსიტეტის ბიბლიოთეკა

Европейское право. Право Европейского союза и правовое обеспечение защиты прав человека (ბიბ.ჩანაწერი № 35041)

000 -LEADER
fixed length control field 00922nam a2200253Ia 4500
001 - CONTROL NUMBER
control field 880
003 - CONTROL NUMBER IDENTIFIER
control field GE_BSU
008 - FIXED-LENGTH DATA ELEMENTS--GENERAL INFORMATION
fixed length control field 181216s||||||||xx |||||||||||||| ||und||
020 ## - INTERNATIONAL STANDARD BOOK NUMBER
International Standard Book Number 5891239183
040 ## - CATALOGING SOURCE
Transcribing agency GE_BSU
080 ## - UNIVERSAL DECIMAL CLASSIFICATION NUMBER
Universal Decimal Classification number 341(4)(075.8)
245 ## - TITLE STATEMENT
Title Европейское право. Право Европейского союза и правовое обеспечение защиты прав человека
245 ## - TITLE STATEMENT
Remainder of title Уч-к для вузов
245 ## - TITLE STATEMENT
Statement of responsibility, etc. Руков.автор коллектива и отв.ред. Л.М. Энтин
250 ## - EDITION STATEMENT
Edition statement 2-е,доп.
260 ## - PUBLICATION, DISTRIBUTION, ETC.
Place of publication, distribution, etc. Москва
260 ## - PUBLICATION, DISTRIBUTION, ETC.
Name of publisher, distributor, etc. Норма
260 ## - PUBLICATION, DISTRIBUTION, ETC.
Date of publication, distribution, etc. 2007
300 ## - PHYSICAL DESCRIPTION
Extent 939стр.
653 ## - INDEX TERM--UNCONTROLLED
Uncontrolled term Европейское право. Право Европейского союза и правовое обеспечение защиты прав человека
653 ## - INDEX TERM--UNCONTROLLED
Uncontrolled term Право
942 ## - ADDED ENTRY ELEMENTS (KOHA)
Koha item type წიგნი
ეგზემპლარები
Withdrawn status Lost status Damaged status Not for loan Date acquired Barcode Date last seen Price effective from Koha item type
        2018-12-17 1322 2018-12-17 2018-12-17 წიგნი